[Event "4NCL Division Two"]
[Site "Milton Keynes, ENG"]
[Date "2023.05.01"]
[Round "11.23"]
[White "Pigott, John C"]
[Black "Richardson, John R"]
[Result "1-0"]
[WhiteElo "2359"]
[BlackElo "2278"]
[PlyCount "121"]
[EventDate "2023.05.01"]
[WhiteTeam "Barbican 4NCL"]
[BlackTeam "The ADs"]

1. c4 Nf6 2. g3 e6 3. Bg2 d5 4. Nf3 Be7 5. O-O O-O 6. b3 d4 7. e3 c5 8. Ne5 Nfd7 9. exd4 cxd4 10. Nxd7 Nxd7 11. d3 a5 12. Re1 Nc5 13. Na3 Bd7 14. Nc2 Bc6 15. Ba3 Re8 16. Bxc5 Bxc5 17. a3 Qd6 18. Qd2 Bxg2 19. Kxg2 e5 20. b4 axb4 21. axb4 Rxa1 22. Rxa1 Qc6+ 23. f3 Bf8 24. Re1 Qa4 25. b5 Qa2 26. Re2 Bc5 27. Qd1 Qa8 28. Na1 f5 29. Nb3 Bb4 30. Qc2 Qd8 31. Nc1 b6 32. Qb1 Qd6 33. f4 Bc5 34. Qc2 Kf7 35. fxe5 Rxe5 36. Rxe5 Qxe5 37. Qe2 Qxe2+ 38. Nxe2 Kf6 39. Kf3 Ke5 40. h3 Ba3 41. g4 fxg4+ 42. hxg4 Bb4 43. Ng3 Ba3 44. Ne4 Be7 45. Kg3 Bd8 46. Nd2 Kd6 47. Nf3 Kc5 48. Kf4 h6 49. Ke4 Bf6 50. Ng1 g6 51. Ne2 h5 52. Nf4 h4 53. Nxg6 h3 54. Kf3 Kb4 55. Nf4 Kc3 56. Nd5+ Kxd3 57. Nxf6 Kxc4 58. g5 d3 59. Ne4 Kd5 60. Nf2 h2 61. Kg2 1-0

[Event "4NCL Division Two"]
[Site "Milton Keynes, ENG"]
[Date "2023.05.01"]
[Round "11.24"]
[White "Roe, Simon J"]
[Black "Sowray, Peter J"]
[Result "1-0"]
[WhiteElo "2138"]
[BlackElo "2197"]
[PlyCount "91"]
[EventDate "2023.05.01"]
[WhiteTeam "The ADs"]
[BlackTeam "Barbican 4NCL"]

1. c4 Nf6 2. Nf3 g6 3. g3 Bg7 4. Bg2 O-O 5. Nc3 d6 6. d4 c5 7. O-O Nc6 8. d5 Na5 9. Nd2 a6 10. Qc2 b5 11. cxb5 axb5 12. Nxb5 Ba6 13. Nc3 Qc7 14. Re1 Rfb8 15. Rb1 c4 16. Nf3 Bc8 17. Bd2 Bf5 18. e4 Bd7 19. Nd1 Nb7 20. b4 Ba4 21. Qc1 Bxd1 22. Qxd1 Rxa2 23. Bc3 Rba8 24. Nd4 Qb6 25. Bf1 Ng4 26. Qxg4 Bxd4 27. Bxd4 Qxd4 28. Qf4 c3 29. Qe3 Qf6 30. Rbc1 c2 31. Re2 Qb2 32. Rcxc2 Qxc2 33. Rxc2 Rxc2 34. Qb6 Nd8 35. Ba6 f5 36. exf5 gxf5 37. b5 Rc5 38. Kg2 Kg7 39. h4 Rxd5 40. Qc7 Re5 41. b6 Rc5 42. Qxe7+ Nf7 43. Qa7 Rf8 44. b7 Ra5 45. Qb6 Ra2 46. Bc4 1-0

[Event "4NCL Division Two"]
[Site "Milton Keynes, ENG"]
[Date "2023.05.01"]
[Round "11.25"]
[White "Pert, Nina"]
[Black "Duggan, John E"]
[Result "1-0"]
[WhiteElo "2150"]
[BlackElo "2137"]
[PlyCount "65"]
[EventDate "2023.05.01"]
[WhiteTeam "Barbican 4NCL"]
[BlackTeam "The ADs"]

1. e4 c6 2. c4 d5 3. exd5 cxd5 4. cxd5 Qxd5 5. Nc3 Qa5 6. Nf3 Nf6 7. Bc4 e6 8. O-O a6 9. d4 b5 10. Bb3 b4 11. Ne2 Be7 12. Bf4 O-O 13. Rc1 Nd5 14. Bg3 Nd7 15. Qd3 N7f6 16. Ne5 Qb6 17. Nc6 Bd7 18. Nxe7+ Nxe7 19. Rc5 Rac8 20. Rfc1 Ned5 21. Nf4 Ne7 22. Bh4 Ned5 23. Nxd5 Nxd5 24. h3 Qb7 25. Qg3 Qb6 26. Qe5 f6 27. Qe4 Rxc5 28. Rxc5 Ne7 29. Bg3 Rc8 30. Rxc8+ Bxc8 31. d5 Nxd5 32. Bxd5 f5 33. Qxf5 1-0

[Event "4NCL Division Two"]
[Site "Milton Keynes, ENG"]
[Date "2023.05.01"]
[Round "11.26"]
[White "Snape, Ian L"]
[Black "Brett, Andrew R"]
[Result "1-0"]
[WhiteElo "2173"]
[BlackElo "2085"]
[PlyCount "97"]
[EventDate "2023.05.01"]
[WhiteTeam "The ADs"]
[BlackTeam "Barbican 4NCL"]

1. c4 e5 2. Nc3 Nf6 3. g3 Bb4 4. Nd5 Nxd5 5. cxd5 O-O 6. Bg2 c6 7. a3 Be7 8. d4 exd4 9. Qxd4 Re8 10. Be3 d6 11. Nh3 Bf6 12. Qd2 c5 13. Rc1 Bf5 14. O-O Qd7 15. Nf4 g6 16. Kh1 Na6 17. f3 Qe7 18. Bf2 Nc7 19. e4 Bc8 20. Nd3 b6 21. f4 Ba6 22. Rfe1 Bxd3 23. Qxd3 Bxb2 24. Rcd1 Bg7 25. e5 Rad8 26. Bh3 Qf8 27. e6 fxe6 28. dxe6 d5 29. f5 g5 30. Qe2 Bf6 31. Bg4 d4 32. h4 Re7 33. Bh5 Kh8 34. Bf7 Rxf7 35. exf7 Qxf7 36. hxg5 Bxg5 37. g4 Rd6 38. Bg3 Rh6+ 39. Kg2 Qd5+ 40. Qf3 Qxf3+ 41. Kxf3 Nd5 42. Re8+ Kg7 43. Be5+ Kf7 44. Rb8 Rh3+ 45. Kg2 Re3 46. Rb7+ Ke8 47. Bxd4 Nf4+ 48. Kf2 Bh4+ 49. Kxe3 1-0

[Event "4NCL Division Two"]
[Site "Milton Keynes, ENG"]
[Date "2023.05.01"]
[Round "11.27"]
[White "Pert, Max"]
[Black "Baltrunas, Evaldas"]
[Result "1/2-1/2"]
[WhiteElo "2071"]
[BlackElo "2062"]
[PlyCount "146"]
[EventDate "2023.05.01"]
[WhiteTeam "Barbican 4NCL"]
[BlackTeam "The ADs"]

1. d4 d5 2. Nf3 Nf6 3. c4 e6 4. Nc3 c5 5. e3 Nc6 6. cxd5 exd5 7. Be2 Be7 8. O-O O-O 9. a3 c4 10. b4 cxb3 11. Qxb3 b6 12. Ne5 Bb7 13. f4 Na5 14. Qa2 Ne4 15. Bb2 Rc8 16. Rac1 Nxc3 17. Bxc3 f6 18. Nf3 Nc4 19. Bxc4 Rxc4 20. Nd2 Rc7 21. Bb4 Kh8 22. Qb3 Re8 23. Kf2 Qc8 24. Qb2 Rxc1 25. Rxc1 Qe6 26. Qb3 Bd6 27. Bxd6 Qxd6 28. Qa4 Qe7 29. Nf1 Rc8 30. Rxc8+ Bxc8 31. Nd2 h6 32. h4 Bf5 33. Qc6 Qxa3 34. Qxd5 Qd3 35. Nf3 Be4 36. Qd7 b5 37. g4 Qc2+ 38. Kg3 Qc6 39. Qxc6 Bxc6 40. Nd2 Kg8 41. e4 a5 42. d5 Bd7 43. e5 fxe5 44. fxe5 Kf8 45. e6 Bc8 46. Kf4 a4 47. Ke5 b4 48. Kd6 b3 49. Nb1 b2 50. Na3 Ke8 51. Nb5 b1=Q 52. Nc7+ Kf8 53. e7+ Kf7 54. e8=Q+ Kf6 55. Qxc8 Qb4+ 56. Kc6 Qc4+ 57. Kb6 Qb3+ 58. Ka7 Qe3+ 59. Ka8 a3 60. Qf8+ Ke5 61. Qxg7+ Kd6 62. Nb5+ Kxd5 63. Qd7+ Kc4 64. Nd6+ Kb3 65. Qf7+ Kc2 66. Qa2+ Kd1 67. Nc4 Qc3 68. Nxa3 Qa5+ 69. Kb7 Qb4+ 70. Ka6 Qxg4 71. Qb1+ Ke2 72. Qc2+ Kf3 73. h5 Kg3 1/2-1/2

[Event "4NCL Division Two"]
[Site "Milton Keynes, ENG"]
[Date "2023.05.01"]
[Round "11.28"]
[White "Gamal, Alaa"]
[Black "Slade, Robin"]
[Result "1/2-1/2"]
[WhiteElo "1908"]
[BlackElo "2118"]
[PlyCount "59"]
[EventDate "2023.05.01"]
[WhiteTeam "The ADs"]
[BlackTeam "Barbican 4NCL"]

1. d4 f5 2. Nc3 d5 3. Bf4 Nf6 4. Nb5 Na6 5. e3 c6 6. Nc3 Nc7 7. Nf3 e6 8. Ne5 Bd7 9. Be2 Rg8 10. h4 Nb5 11. Nxb5 cxb5 12. g4 Bc6 13. g5 Nd7 14. Nf3 Qa5+ 15. c3 b4 16. Qd2 bxc3 17. bxc3 Bb5 18. O-O g6 19. Bxb5 Qxb5 20. Rab1 Qc6 21. Qb2 b6 22. Rfc1 Qa4 23. Qe2 Rc8 24. Rb3 Kf7 25. Rc2 Qc4 26. Qd1 b5 27. Qf1 Qxf1+ 28. Kxf1 a6 29. Rcb2 Rc4 30. Nd2 1/2-1/2

[Event "4NCL Division Two"]
[Site "Milton Keynes, ENG"]
[Date "2023.05.01"]
[Round "11.41"]
[White "Claridge-Hansen, William"]
[Black "Chan, Kim Yew"]
[Result "0-1"]
[WhiteElo "2345"]
[BlackElo "2390"]
[PlyCount "82"]
[EventDate "2023.05.01"]
[WhiteTeam "Oxford 1"]
[BlackTeam "SchachAttack"]

1. c4 c5 2. g3 g6 3. Bg2 Bg7 4. Nc3 Nc6 5. Nf3 d6 6. O-O e6 7. e3 Nge7 8. d4 O-O 9. b3 Nf5 10. Ne2 e5 11. dxe5 dxe5 12. Qxd8 Rxd8 13. Nd2 Nfe7 14. Ne4 b6 15. Ba3 f5 16. N4c3 e4 17. f3 exf3 18. Bxf3 Be6 19. Rad1 Bf7 20. Nd5 Nxd5 21. Bxd5 Bxd5 22. cxd5 Ne7 23. Nf4 Be5 24. d6 Rxd6 25. Rxd6 Bxd6 26. Rd1 Bxf4 27. exf4 Nc6 28. Rd6 Rc8 29. Bb2 Rc7 30. h4 Kf7 31. h5 Ke7 32. Be5 Nxe5 33. fxe5 gxh5 34. Rh6 Rd7 35. Rxh5 Ke6 36. a4 Rd3 37. Rxh7 Rxg3+ 38. Kf2 Rxb3 39. Rxa7 Kxe5 40. Rc7 Kd4 41. Ke2 f4 0-1

[Event "4NCL Division Two"]
[Site "Milton Keynes, ENG"]
[Date "2023.05.01"]
[Round "11.42"]
[White "Fan, Allen Chi Zhou"]
[Black "Hobson, Kenneth"]
[Result "0-1"]
[WhiteElo "2147"]
[BlackElo "2203"]
[PlyCount "102"]
[EventDate "2023.05.01"]
[WhiteTeam "SchachAttack"]
[BlackTeam "Oxford 1"]

{[%evp 0,102,16,15,28,-6,7,-24,-5,-12,0,-5,1,4,-1,-42,-1,2,2,15,5,5,15,24,23,
-26,-13,-9,-21,-19,-6,-10,-18,-73,-41,-122,-74,-69,-56,-74,-79,-86,-87,-74,-78,
-85,-85,-75,-43,-36,-34,-69,-71,-50,-60,-77,-67,-67,-75,-66,-77,-73,-73,-73,
-71,-86,-92,-85,-35,-71,-72,-86,-95,-79,-85,-101,-126,-129,-119,-108,-108,-115,
-117,-136,-89,-169,-182,-199,-212,-205,-238,-261,-269,-254,-264,-296,-288,-470,
-478,-455,-489,-491,-506,-29993,-29994]} 1. Nf3 Nf6 2. c4 e6 3. g3 d5 4. Bg2
Be7 5. O-O O-O 6. b3 d4 7. Bb2 c5 8. e3 Nc6 9. exd4 cxd4 10. Re1 a5 11. Na3 Nd7
12. d3 Bb4 13. Re2 e5 14. Nb5 Re8 15. a3 Be7 16. Qf1 f6 17. Bc1 Na7 18. Nxa7
Rxa7 19. Nh4 Nc5 20. Qd1 g5 21. Bd5+ Kg7 22. Ng2 Bf5 23. Ne1 Bd6 24. Raa2 b6
25. b4 Ne6 26. Qb3 Qe7 27. f3 axb4 28. axb4 Rxa2 29. Rxa2 Bxb4 30. Ba3 Bxa3 31.
Rxa3 Qc7 32. Qa2 {(=)} Qd6 33. Ra7+ Nc7 34. Qb3 Re7 35. Be4 Be6 36. Qa4 Bd7 37.
Qb3 f5 38. Bd5 Kf6 39. Rb7 b5 40. Nc2 Nxd5 41. cxd5 Be8 42. Rxe7 Kxe7 43. Kf2
Qc5 44. Ke2 Kd6 45. Kd2 Qxd5 46. Qa3+ Qc5 47. Nb4 Bc6 48. Qa5 Qc3+ 49. Ke2 Qb2+
50. Ke1 Qc1+ 51. Ke2 Bxf3+ 0-1

[Event "4NCL Division Two"]
[Site "Milton Keynes, ENG"]
[Date "2023.05.01"]
[Round "11.43"]
[White "Anand, Batsukh"]
[Black "Voyiakis, Emmanuel"]
[Result "1-0"]
[WhiteElo "2200"]
[BlackElo "2210"]
[PlyCount "39"]
[EventDate "2023.05.01"]
[WhiteTeam "Oxford 1"]
[BlackTeam "SchachAttack"]

1. Nf3 d5 2. g3 Nf6 3. Bg2 c6 4. d4 g6 5. O-O Bg7 6. b3 O-O 7. Bb2 Ne4 8. Nbd2 Nxd2 9. Qxd2 c5 10. Rfd1 Nc6 11. Rac1 b5 12. c4 bxc4 13. bxc4 Rb8 14. cxd5 Qxd5 15. Ba1 Nb4 16. a3 Na6 17. Ne5 Qd6 18. Nc6 Rb6 19. dxc5 Nxc5 20. Qe3 1-0

[Event "4NCL Division Two"]
[Site "Milton Keynes, ENG"]
[Date "2023.05.01"]
[Round "11.44"]
[White "Nicholas, Koichi B"]
[Black "Zakarian, Dimitrios Levon"]
[Result "1-0"]
[WhiteElo "2173"]
[BlackElo "2097"]
[PlyCount "73"]
[EventDate "2023.05.01"]
[WhiteTeam "SchachAttack"]
[BlackTeam "Oxford 1"]

{[%evp 0,39,16,15,22,-18,-9,-8,17,11,21,24,29,-8,-3,-4,34,30,31,18,58,71,67,33,
98,92,145,106,91,136,136,116,168,290,141,123,123,123,292,278,544,544]} 1. e4 c5
2. Nf3 e6 3. d4 cxd4 4. Nxd4 a6 5. Bd3 Qc7 6. O-O Nf6 7. Qe2 d6 8. c4 Nbd7 9.
f4 Be7 10. Nc3 O-O 11. Be3 b6 12. f5 Ne5 13. h3 Rd8 14. Rac1 Nxd3 15. Qxd3 Qb7
16. Kh1 d5 17. cxd5 exd5 18. e5 Ne4 19. Bf4 Bd7 20. Rce1 Nxc3 21. bxc3 f6 22.
Qg3 Kh8 23. Rf3 Rg8 24. Rfe3 Rae8 25. e6 Bb5 26. Qf2 Bc4 27. Rg3 b5 28. Rg4 Bd3
29. Re3 Bb1 30. Qe1 Be4 31. Rxe4 dxe4 32. Qh4 g5 33. fxg6 Bf8 34. Qxf6+ Bg7 35.
Qf7 Re7 36. Rh4 h6 37. Be5 1-0

[Event "4NCL Division Two"]
[Site "Milton Keynes, ENG"]
[Date "2023.05.01"]
[Round "11.45"]
[White "Manley, Jon P"]
[Black "Wilks, Simon"]
[Result "1-0"]
[WhiteElo "2165"]
[BlackElo "2213"]
[PlyCount "87"]
[EventDate "2023.05.01"]
[WhiteTeam "Oxford 1"]
[BlackTeam "SchachAttack"]

1. e4 e6 2. d4 d5 3. Nc3 Nf6 4. Bg5 Bb4 5. e5 h6 6. Bc1 Ne4 7. Qg4 g6 8. a3 Bxc3+ 9. bxc3 Nxc3 10. Bd3 b6 11. h4 Ba6 12. Rh3 Bxd3 13. Rxd3 Na4 14. h5 g5 15. f4 gxf4 16. Bxf4 Nc6 17. Qg7 Kd7 18. Qxf7+ Qe7 19. Qxe7+ Kxe7 20. Nf3 Nb2 21. Rd2 Kd7 22. Rf2 Raf8 23. g3 Rf5 24. Rh2 Rg8 25. Ke2 Rg4 26. c3 Na4 27. Rc1 Ne7 28. Rh3 Ng8 29. Nh4 Rf7 30. Ng6 Nb2 31. Rc2 Nc4 32. Ra2 Ne7 33. Nxe7 Rfxf4 34. gxf4 Rg2+ 35. Kf3 Rxa2 36. Ng8 Rxa3 37. Kg4 Ra1 38. Nxh6 Rg1+ 39. Kh4 Ke7 40. f5 exf5 41. Nxf5+ Ke6 42. Ng3 Ne3 43. h6 Nf5+ 44. Kg4 1-0

[Event "4NCL Division Two"]
[Site "Milton Keynes, ENG"]
[Date "2023.05.01"]
[Round "11.46"]
[White "Waller, Dan"]
[Black "Hansen, Hans-Peter"]
[Result "0-1"]
[WhiteElo "2164"]
[BlackElo "2154"]
[PlyCount "160"]
[EventDate "2023.05.01"]
[WhiteTeam "SchachAttack"]
[BlackTeam "Oxford 1"]

1. e4 c6 2. d4 d5 3. e5 Bf5 4. h4 h5 5. Bd3 Bxd3 6. Qxd3 Qa5+ 7. Nd2 e6 8. Ngf3 Nh6 9. O-O Nf5 10. c4 Nd7 11. a3 Qa6 12. Qc3 Be7 13. g3 dxc4 14. Nxc4 Nb6 15. b3 Nd5 16. Qc2 c5 17. dxc5 Bxc5 18. Rd1 O-O 19. Bb2 Rac8 20. Qd2 b5 21. Nd6 Nxd6 22. exd6 Qxd6 23. Qg5 f6 24. Qg6 Qc7 25. Nd4 Bxd4 26. Bxd4 Qf7 27. Qd3 Rb8 28. Bc5 Rfc8 29. b4 Rb7 30. a4 a5 31. axb5 axb4 32. Rdb1 Qe8 33. Bxb4 Qxb5 34. Qxb5 Rxb5 35. Bd6 Rxb1+ 36. Rxb1 Rd8 37. Bc5 Rd7 38. Rb3 Kf7 39. Kg2 Kg6 40. Kf3 Rc7 41. Be3 Kf5 42. Ra3 Rc3 43. Rxc3 Nxc3 44. Bd4 Nd5 45. Ba7 e5 46. Bc5 Nc7 47. Bb6 Nd5 48. Bc5 e4+ 49. Kg2 Kg4 50. Bf8 g6 51. Bc5 f5 52. Bd6 f4 53. Bc5 fxg3 54. fxg3 e3 55. Bd6 e2 56. Kf2 Nc3 57. Bb4 Ne4+ 58. Kxe2 Nxg3+ 59. Kf2 Nf5 60. Kg2 Nxh4+ 61. Kh2 g5 62. Ba5 Nf3+ 63. Kg2 h4 64. Bc7 Nd4 65. Be5 Ne6 66. Bd6 Nf4+ 67. Kh2 Kf5 68. Be7 Ng6 69. Bd8 g4 70. Bc7 Nf4 71. Bd8 g3+ 72. Kh1 Kg4 73. Bc7 h3 74. Bb6 Kf3 75. Ba7 Nd3 76. Kg1 h2+ 77. Kh1 Nf2+ 78. Bxf2 gxf2 79. Kxh2 f1=R 80. Kh3 Rh1# 0-1

[Event "4NCL Division Two"]
[Site "Milton Keynes, ENG"]
[Date "2023.05.01"]
[Round "11.47"]
[White "Arora, Tashika"]
[Black "Hng, Mei-En Emmanuelle"]
[Result "1/2-1/2"]
[WhiteElo "2028"]
[BlackElo "2118"]
[PlyCount "131"]
[EventDate "2023.05.01"]
[WhiteTeam "Oxford 1"]
[BlackTeam "SchachAttack"]

1. d4 Nf6 2. c4 e6 3. g3 c5 4. d5 exd5 5. cxd5 d6 6. Nc3 g6 7. Bg2 Bg7 8. e4 O-O 9. Nge2 Re8 10. O-O b5 11. e5 Rxe5 12. Bf4 Re7 13. Nxb5 Ne8 14. Qd2 Ba6 15. a4 Nd7 16. Rfe1 Ne5 17. Nec3 Bc8 18. Bxe5 Rxe5 19. f4 Rxe1+ 20. Rxe1 Bd7 21. Ne4 Qb6 22. Bf1 a6 23. a5 Qb8 24. Na3 Qxb2 25. Qxb2 Bxb2 26. Nc4 Bd4+ 27. Kg2 Bb5 28. Ncxd6 Nxd6 29. Nxd6 Bxf1+ 30. Kxf1 Rd8 31. Re8+ Rxe8 32. Nxe8 Kf8 33. Nc7 Bc3 34. Nxa6 c4 35. Nc5 Bxa5 36. Nd7+ Ke7 37. Ne5 Bc3 38. Nxc4 Kf6 39. Kf2 h5 40. Kf3 Bd4 41. h3 Ke7 42. Ke4 Bc5 43. g4 hxg4 44. hxg4 Bg1 45. Ke5 f6+ 46. Ke4 Bc5 {(=)} 47. g5 Kf7 48. gxf6 Kxf6 49. Ne5 Bd6 50. Nc4 Bc5 51. Ne3 Bd6 52. Ng4+ Kf7 53. Kf3 Ba3 54. Ne5+ Kf6 55. Nc4 Bc5 56. Kg4 Be7 57. Nd2 Ba3 58. Ne4+ Ke7 59. Kg5 Bc1 60. Kg4 Kd7 61. Kf3 Ke7 62. Nf2 Kd6 63. Nd3 Bxf4 64. Nxf4 g5 65. Ne6 Kxd5 66. Nxg5 1/2-1/2

[Event "4NCL Division Two"]
[Site "Milton Keynes, ENG"]
[Date "2023.05.01"]
[Round "11.48"]
[White "Alizada, Eldar"]
[Black "Murawski, Jan"]
[Result "1-0"]
[WhiteElo "2096"]
[BlackElo "2016"]
[PlyCount "71"]
[EventDate "2023.05.01"]
[WhiteTeam "SchachAttack"]
[BlackTeam "Oxford 1"]

1. d4 Nf6 2. c4 e6 3. Nc3 d5 4. cxd5 exd5 5. Bg5 Be7 6. e3 c6 7. Bd3 h6 8. Bh4 Ne4 9. Bxe7 Qxe7 10. Bxe4 dxe4 11. Qc2 Bf5 12. Nge2 O-O 13. O-O Nd7 14. Ng3 Bg6 15. Rfd1 Nf6 16. a3 h5 17. Nge2 Bf5 18. h3 Rfd8 19. b4 a5 20. b5 c5 21. Na4 cxd4 22. Nxd4 Bg6 23. Nb6 Ra7 24. Nc8 Rxc8 25. Qxc8+ Kh7 26. Qb8 b6 27. Nc6 Rb7 28. Qa8 Qc7 29. Rd8 Kh6 30. Rad1 Bf5 31. R8d6 Kg5 32. Qf8 Kg6 33. h4 Be6 34. Qh8 Ng4 35. R1d5 f6 36. Qxh5# 1-0

[Event "4NCL Division Two"]
[Site "Milton Keynes, ENG"]
[Date "2023.05.01"]
[Round "11.61"]
[White "Price, Gwilym"]
[Black "Crocker, Philip J"]
[Result "1/2-1/2"]
[WhiteElo "2159"]
[BlackElo "2196"]
[PlyCount "40"]
[EventDate "2023.05.01"]
[WhiteTeam "The Sharks 2"]
[BlackTeam "Spirit of Atticus"]

1. e4 e5 2. Nc3 Nf6 3. g3 Bc5 4. Bg2 c6 5. f4 d5 6. fxe5 Nxe4 7. d4 Bb4 8. Bd2 Nxd2 9. Qxd2 O-O 10. Nf3 Bg4 11. O-O Na6 12. a3 Be7 13. Rae1 Nc7 14. Ne2 Ne6 15. Nf4 Bxf3 16. Rxf3 Bg5 17. Bh3 Bxf4 18. gxf4 Qh4 19. Re2 Rae8 20. Ref2 f5 1/2-1/2

[Event "4NCL Division Two"]
[Site "Milton Keynes, ENG"]
[Date "2023.05.01"]
[Round "11.62"]
[White "Jackson, Sheila"]
[Black "Murphy, Hugh W"]
[Result "0-1"]
[WhiteElo "2132"]
[BlackElo "2138"]
[PlyCount "110"]
[EventDate "2023.05.01"]
[WhiteTeam "Spirit of Atticus"]
[BlackTeam "The Sharks 2"]

{[%evp 0,110,16,14,54,18,-18,-17,-10,-10,-5,-1,29,19,24,26,78,6,27,6,15,15,0,
-4,-4,-29,-21,-39,-36,-35,-27,-25,-32,-47,-29,-40,-24,-45,-21,-53,-41,-48,-54,
-62,-30,-47,-50,-43,-39,-73,-74,-84,-94,-97,-106,-103,-85,-97,-94,-101,-87,-87,
-89,-93,-93,-91,-85,-86,-84,-86,-86,-95,-94,-105,-113,-112,-116,-119,-106,-117,
-121,-176,-153,-138,-170,-170,-170,-177,-183,-186,-186,-180,-206,-183,-191,
-195,-195,-201,-198,-203,-181,-198,-188,-219,-219,-219,-213,-210,-205,-217,
-234,-273,-273]} 1. e4 c5 2. c3 d5 3. exd5 Qxd5 4. d4 Nc6 5. Nf3 Bf5 6. Be3
cxd4 7. Nxd4 Nxd4 8. Qxd4 Nf6 9. Qxd5 Nxd5 10. Bb5+ Bd7 11. Bxd7+ {(=)} Kxd7
12. Bd2 e6 13. O-O Rc8 14. a4 Be7 15. Na3 Rhd8 16. Nb5 a6 17. Nd4 Ke8 18. Nf3
Bf6 19. g3 Nb6 20. Be3 Nc4 21. Bd4 Rd7 22. b4 Bxd4 23. cxd4 Nb6 24. a5 Nd5 25.
Rab1 Nc3 26. Rb2 Nb5 27. Rd1 Rd5 28. Kf1 Rc4 29. h4 Nxd4 30. Nxd4 Rcxd4 31.
Rxd4 Rxd4 32. Ke2 Kd7 33. Ke3 Rd5 34. Rc2 Rd1 35. Rc4 Rb1 36. g4 h6 37. g5 hxg5
38. hxg5 f6 39. gxf6 gxf6 40. f4 Rb3+ 41. Kd2 Kd6 42. Kc2 Rf3 43. Rd4+ Kc6 44.
Kd2 Kb5 45. Ke2 Rb3 46. Rd6 Rxb4 47. Rxe6 Rxf4 48. Rb6+ Kxa5 49. Rxb7 Rb4 50.
Rf7 Rb6 51. Kd3 Kb4 52. Kc2 a5 53. Kb2 Ra6 54. Rb7+ Kc4 55. Ka3 Kd4 0-1

[Event "4NCL Division Two"]
[Site "Milton Keynes, ENG"]
[Date "2023.05.01"]
[Round "11.63"]
[White "Birtwistle, Nigel"]
[Black "Carleton, John J"]
[Result "1/2-1/2"]
[WhiteElo "2196"]
[BlackElo "2107"]
[PlyCount "30"]
[EventDate "2023.05.01"]
[WhiteTeam "The Sharks 2"]
[BlackTeam "Spirit of Atticus"]

1. e4 c6 2. Nc3 d5 3. Nf3 dxe4 4. Nxe4 Nf6 5. Qe2 Na6 6. d3 Bg4 7. h3 Bh5 8. Bd2 e6 9. a3 Nc5 10. Nc3 Nd5 11. g4 Bg6 12. Ne5 Nd7 13. Bg2 Nxe5 14. Qxe5 Qd6 15. Qxd6 Bxd6 1/2-1/2

[Event "4NCL Division Two"]
[Site "Milton Keynes, ENG"]
[Date "2023.05.01"]
[Round "11.65"]
[White "Lentzos, Ioanis"]
[Black "Phillips, David A"]
[Result "1-0"]
[WhiteElo "2186"]
[BlackElo "2096"]
[PlyCount "47"]
[EventDate "2023.05.01"]
[WhiteTeam "The Sharks 2"]
[BlackTeam "Spirit of Atticus"]

1. c4 Nf6 2. Nc3 d5 3. cxd5 Nxd5 4. Nf3 Nxc3 5. bxc3 g6 6. h4 Bg7 7. d4 c5 8. h5 Nc6 9. e3 O-O 10. hxg6 hxg6 11. Bc4 cxd4 12. cxd4 e5 13. Qd3 Bf5 14. e4 Bg4 15. d5 Bxf3 16. Qxf3 Qd6 17. dxc6 Qb4+ 18. Bd2 Qxc4 19. cxb7 Rab8 20. Rc1 Qxa2 21. Qh3 Rfd8 22. Bb4 f6 23. Qh7+ Kf7 24. Rc7+ 1-0

[Event "4NCL Division Two"]
[Site "Milton Keynes, ENG"]
[Date "2023.05.01"]
[Round "11.66"]
[White "Doran, Chris"]
[Black "Kueh, Audrey"]
[Result "1/2-1/2"]
[WhiteElo "2016"]
[BlackElo "2143"]
[PlyCount "58"]
[EventDate "2023.05.01"]
[WhiteTeam "Spirit of Atticus"]
[BlackTeam "The Sharks 2"]

1. e4 c6 2. d4 d5 3. e5 Bf5 4. h4 h5 5. c4 e6 6. Nc3 Ne7 7. Nge2 Nd7 8. Ng3 Bg6 9. Be3 Nf5 10. Nxf5 Bxf5 11. cxd5 cxd5 12. Bd3 Bxd3 13. Qxd3 a6 14. g3 Nb6 15. b3 Rc8 16. O-O Ba3 17. Bc1 Qe7 18. Ne2 O-O 19. Bxa3 Qxa3 20. Nf4 Qb2 21. Nxh5 Qc2 22. Qf3 Rc3 23. Qg4 Qg6 24. Qxg6 fxg6 25. Nf4 Kf7 26. Rac1 Rfc8 27. Ne2 Rc2 28. Rxc2 Rxc2 29. Nf4 Nc8 1/2-1/2

[Event "4NCL Division Two"]
[Site "Milton Keynes, ENG"]
[Date "2023.05.01"]
[Round "11.67"]
[White "Milson, Samuel A"]
[Black "Latham, David"]
[Result "1/2-1/2"]
[WhiteElo "2184"]
[BlackElo "2038"]
[PlyCount "58"]
[EventDate "2023.05.01"]
[WhiteTeam "The Sharks 2"]
[BlackTeam "Spirit of Atticus"]

1. e4 e6 2. d4 d5 3. e5 c5 4. c3 Nc6 5. Nf3 Qb6 6. Bd3 f5 7. O-O Bd7 8. dxc5 Bxc5 9. b4 Bf8 10. Re1 Nge7 11. h4 g6 12. Na3 Nd8 13. Nd4 Nf7 14. Be3 Qc7 15. Nab5 Qb8 16. Bf4 Nc6 17. Nd6+ Nxd6 18. exd6 Nxd4 19. Be5 Rg8 20. Bxd4 Bxd6 21. c4 Kf7 22. cxd5 e5 23. Bc3 Re8 24. Qd2 Qd8 25. Qh6 Kg8 26. h5 Qh4 27. g3 Qxh5 28. Qxh5 gxh5 29. Kg2 Rac8 1/2-1/2

[Event "4NCL Division Two"]
[Site "Milton Keynes, ENG"]
[Date "2023.05.01"]
[Round "11.68"]
[White "Darling, Tom"]
[Black "McCarthy, Kevin C"]
[Result "0-1"]
[WhiteElo "1957"]
[BlackElo "2001"]
[PlyCount "74"]
[EventDate "2023.05.01"]
[WhiteTeam "Spirit of Atticus"]
[BlackTeam "The Sharks 2"]

1. e4 e6 2. d4 d5 3. e5 c5 4. c3 Nc6 5. Nf3 Bd7 6. Bd3 Qb6 7. O-O cxd4 8. cxd4 Nxd4 9. Nbd2 Nxf3+ 10. Nxf3 Bb5 11. Be3 Qa6 12. Bxb5+ Qxb5 13. Nd4 Qd7 14. f4 Bc5 15. Qd3 Ne7 16. Rac1 Bxd4 17. Bxd4 O-O 18. g4 Rac8 19. Bxa7 Rxc1 20. Rxc1 Qa4 21. Bd4 Nc6 22. Rd1 Qxa2 23. f5 Qa4 24. Kf2 Rc8 25. b3 Qb4 26. f6 Nxd4 27. Qxd4 Qxb3 28. g5 Qc2+ 29. Rd2 Qf5+ 30. Ke1 Qxg5 31. Qb2 Qg1+ 32. Ke2 Qxh2+ 33. Ke1 Qg1+ 34. Ke2 Qg4+ 35. Kf2 Qf4+ 36. Ke2 Qc4+ 37. Kf2 b5 0-1